Statistics for 5 us states with clues

Click here to take the quiz!

General Stats

  • This quiz has been taken 57 times
  • The average score is 4 of 5

Answer Stats

ClueState% Correct
This state is smaller then a ton of countiesRhode Island
93%
This state's name is also in a lake's nameMichigan
90%
This state has the lowest populationWyoming
86%
This state has ississMississippi
72%
This state is new countryNew Mexico
45%

Score Distribution

Percentile by Number Answered

Percent of People with Each Score

Your Score History

You have not taken this quiz